Giáo trình hệ thống điện ôtô

Giới thiệu tổng quan hệ thống điện ô tô; Ắc quy trên ô tô;Nguồn điện trên ô tô; Hệ thống đánh lửa và phun nhiên liệu; Hệ thống khởi động động cơ; Hệ thống điện chiếu sáng, thông tin và tín hiệu; Hệ thống điện phụ trợ...

Volledige beschrijving

Bewaard in:
Bibliografische gegevens
Hoofdauteur: Nguyễn Ngọc Quế
Andere auteurs: Đặng Ngọc Danh, Nguyễn Trọng Minh
Formaat: Boek
Taal:Vietnamese
Gepubliceerd in: H. Học viện Nông nghiệp 2024
Onderwerpen:
Tags: Voeg label toe
Geen labels, Wees de eerste die dit record labelt!
Thư viện lưu trữ: Thư viện Trường Đại học Nam Cần Thơ
LEADER 01351nam a22002297a 4500
001 NCT_4_014574
008 241106b xxu||||| |||| 00| 0 vie d
999 |c 8689  |d 8689 
020 |c 250000 
082 0 4 |2 23rd ed.  |a 629.287  |b Q507 
100 0 |a Nguyễn Ngọc Quế 
245 1 0 |a Giáo trình hệ thống điện ôtô  |c Nguyễn Ngọc Quế, Đặng Ngọc Danh (Chủ biên), Nguyễn Trọng Minh 
260 |a H.  |b Học viện Nông nghiệp  |c 2024 
300 |a 291 tr.  |b Minh họa, hình vẽ  |c 27 cm 
500 |a ĐTTS ghi: Học viện Nông nghiệp Việt Nam 
520 3 |a  Giới thiệu tổng quan hệ thống điện ô tô; Ắc quy trên ô tô;Nguồn điện trên ô tô; Hệ thống đánh lửa và phun nhiên liệu; Hệ thống khởi động động cơ; Hệ thống điện chiếu sáng, thông tin và tín hiệu; Hệ thống điện phụ trợ 
653 |a Công nghệ kỹ thuật ô tô 
700 1 |a Đặng Ngọc Danh 
700 1 |a Nguyễn Trọng Minh 
942 |2 ddc  |c BK 
952 |0 0  |1 0  |2 ddc  |4 0  |6 629_287000000000000_Q507  |7 0  |9 29875  |a 000001  |b 000001  |d 2024-11-06  |o 629.287 Q507  |p MD.23087  |r 2024-11-06  |v 25000.00  |w 2024-11-06  |y BK 
980 |a Thư viện Trường Đại học Nam Cần Thơ